Методика расследования хищений социалистического имущества. Вып. 3: Общие вопросы расследования хищений (Запись № 6131144)

Подробности
000 -МАРКЕР
контрольное поле 01757nam2a22002771 4500
001 - ИДЕНТИФИКАТОР ЗАПИСИ
контрольное поле rc\3196856
005 - ИДЕНТИФИКАТОР ВЕРСИИ
контрольное поле 20250530093737.0
035 ## - ДРУГИЕ СИСТЕМНЫЕ НОМЕРА
Идентификатор записи (NLR Aleph) 007343209
100 ## - ДАННЫЕ ОБЩЕЙ ОБРАБОТКИ
Данные общей обработки 20120628d1979 |||y0rusy50 ca
101 0# - ЯЗЫК РЕСУРСА
Язык текста, звукозаписи и т.д. русский
102 ## - СТРАНА ПУБЛИКАЦИИ ИЛИ ПРОИЗВОДСТВА
Страна публикации Российская Федерация
105 ## - ПОЛЕ КОДИРОВАННЫХ ДАННЫХ: ТЕКСТОВЫЕ МАТЕРИАЛЫ, МОНОГРАФИЧЕСКИЕ
Кодированные данные о монографическом текстовом документе y z |||||
200 1# - ЗАГЛАВИЕ И СВЕДЕНИЯ ОБ ОТВЕТСТВЕННОСТИ
Основное заглавие Общие вопросы расследования хищений
Сведения, относящиеся к заглавию (Метод. рекомендации)
Первые сведения об ответственности [Авт.: Братковская В.В., Быховский И.Е., Гаврилина З.Т. и др.]
210 ## - ПУБЛИКАЦИЯ, РАСПРОСТРАНЕНИЕ И ДР.
Дата издания, распространения и т.д. 1979
Место издания, распространения и т.д. Б. м.
215 ## - ФИЗИЧЕСКАЯ ХАРАКТЕРИСТИКА
Специфическое обозначение материала и объем 220 с.
333 ## - ПРИМЕЧАНИЯ ОБ ОСОБЕННОСТЯХ РАСПРОСТРАНЕНИЯ И ИСПОЛЬЗОВАНИЯ
Текст примечания ДСП. Экз. № 5698
461 #0 - УРОВЕНЬ НАБОРА
Встроенное поле 001rc\3196853
-- 2001#$aМетодика расследования хищений социалистического имущества$e(Справ. пособие для следователей)$f[Ред. коллегия: проф. В.Г. Танасевич (отв. ред.)] [и др.]$gВсесоюз. ин-т по изучению причин и разраб. мер предупреждения преступности. Следств. упр. Прокуратуры СССР. Следств. упр. МВД СССР$vВып. 3
Системный номер (АБИС) связанной записи 6131116
Место публикации Москва
Дата публикации 1976
Первые сведения об ответственности [Ред. коллегия: проф. В.Г. Танасевич (отв. ред.)] [и др.]
Имя издателя, распространителя и т.д. Б. и.
Сведения, относящиеся к заглавию (Справ. пособие для следователей)
Заглавие Методика расследования хищений социалистического имущества
Номер тома Вып. 3
702 #1 - ИМЯ ЛИЦА - ВТОРИЧНАЯ ОТВЕТСТВЕННОСТЬ
Начальный элемент ввода Быховский
Часть имени, кроме начального элемента ввода И.Е.
Код отношения Составитель
702 #1 - ИМЯ ЛИЦА - ВТОРИЧНАЯ ОТВЕТСТВЕННОСТЬ
Начальный элемент ввода Братковская
Часть имени, кроме начального элемента ввода В.В.
Код отношения Составитель
702 #1 - ИМЯ ЛИЦА - ВТОРИЧНАЯ ОТВЕТСТВЕННОСТЬ
Начальный элемент ввода Гаврилина
Часть имени, кроме начального элемента ввода З.Т.
Код отношения Составитель
801 #0 - ИСТОЧНИК ЗАПИСИ
Страна Российская Федерация
Организация NLR
Правила каталогизации psbo
801 #1 - ИСТОЧНИК ЗАПИСИ
Страна Российская Федерация
Организация ELAR
Источник данных rusmarc
852 ## - МЕСТОНАХОЖДЕНИЕ И ШИФР ХРАНЕНИЯ
Идентификатор организации NLR
Шифр хранения (Call Number) 77-50К/2966
942 ## - ДОПОЛНИТЕЛЬНЫЕ ЭЛЕМЕНТЫ ЗАПИСИ (АБИС)
Тип экземпляра АБИС Книга
980 ## - КОЛЛЕКЦИЯ
Название коллекции Национальная библиография
Экземпляры
Тип экземпляра Дата поступления Библиотека постоянного хранения Библиотека текущего хранения Место хранения Шифр хранения Штрих-код Статус экземпляра
Книга 26.10.2013 РНБ (Московский) РНБ (Московский) Фонд литературы для служебного пользования 77-50К/2966 7343209-10